| 000 | 00937nam a2200229Ii 4500 | ||
|---|---|---|---|
| 003 | JO-AjNU | ||
| 008 | 230605s9999||||xx |||||||||||||| ||und|| | ||
| 017 | _a2002/6/1580 | ||
| 040 |
_aJO-AjNU _bara _erda _cJO-AjNU |
||
| 041 | _aara | ||
| 050 | 1 | 4 | _aDS154.52.S2.K483 2003 |
| 100 | 3 |
_aتأليف:الخطبا، فوزي, _eauthor _960276 |
|
| 245 | 0 | 0 | _aشمس الدين سامي الرجل والتجربة والرؤية |
| 250 | _aالطبعة الاولى | ||
| 264 | 3 | 1 | _aعمان: دار المناهج للنشر والتوزيع، 2003 |
| 300 |
_a183ص _b ويحتوي على قائمة مراجع من ص178ص- 183ص |
||
| 336 |
_atext _btxt _2rdacontent |
||
| 337 |
_aunmediated _bn _2rdamedia |
||
| 338 |
_avolume _bnc _2rdacarrier |
||
| 490 | 0 | _aسلسلة صفحات من تاريخ الاردن الحديث | |
| 650 | 4 |
_aالسياسيون الاردنيون- تراجم-الاردن- تاريخ -قرن 20 _960277 |
|
| 999 |
_aA27171 _c30739 _d30739 |
||